Can you identify the Finger Lakes of New York State ? Quiz Stats

 Plays Quiz not verified by Sporcle

Also try: 'G'-ography Quiz
Challenge
Share
Tweet
Score 0/11 Timer 03:00
0 Plays Today
Finger Lake % Correct
Seneca Lake
96.7%
Cayuga Lake
94.3%
Keuka Lake
87.8%
Canandaigua Lake
75.6%
Owasco Lake
71.5%
Skaneateles Lake
70.7%
Honeoye Lake
64.2%
Otisco Lake
63.4%
Hemlock Lake
56.1%
Conesus Lake
52.8%
Canadice Lake
40.7%

You're not logged in!

Compare scores with friends on all Sporcle quizzes.
Join for Free
OR
Log In

You Might Also Like...

Show Comments

Extras

Top Quizzes Today


Score Distribution

Your Account Isn't Verified!

In order to create a playlist on Sporcle, you need to verify the email address you used during registration. Go to your Sporcle Settings to finish the process.

Report this User

Report this user for behavior that violates our Community Guidelines.

Details: